Hindi bhasha evam hindi sahitya ka ithihas/ (Record no. 160059)

000 -LEADER
fixed length control field 00292nam a22001217a 4500
082 ## - DEWEY DECIMAL CLASSIFICATION NUMBER
Classification number
Item number
100 ## - MAIN ENTRY--PERSONAL NAME
Personal name Vadmare P M
245 ## - TITLE STATEMENT
Title Hindi bhasha evam hindi sahitya ka ithihas/
Statement of responsibility, etc. by Vadmare P M.
260 ## - PUBLICATION, DISTRIBUTION, ETC.
Place of publication, distribution, etc. Mathura:
Name of publisher, distributor, etc. Jawahar Pustakalaya,
Date of publication, distribution, etc. 2013.
300 ## - PHYSICAL DESCRIPTION
Extent
650 ## - SUBJECT ADDED ENTRY--TOPICAL TERM
Topical term or geographic name entry element
942 ## - ADDED ENTRY ELEMENTS (KOHA)
Koha item type Book
Holdings
Withdrawn status Lost status Damaged status Not for loan Permanent Location Current Location Shelving location Date acquired Cost, normal purchase price Total Checkouts Barcode Date last seen Price effective from Koha item type
        RC Thiruvananthapuram RC Thiruvananthapuram   22.09.2018 400.00   TV016751 22.09.2018 22.09.2018 Book